Music Quiz

Random Music or Song Quiz

Acid Bath songs Quiz Stats

Quiz not verified by Sporcle

Challenge
Share
Tweet
Embed
Score 0/26 Timer 07:00
0 Plays Today
album song % Correct
When the Kite String PopsScream of the Butterfly
100%
When the Kite String PopsBlue
87.5%
When the Kite String PopsCassie Eats Cockroaches
87.5%
Paegan Terrorism TacticsPaegan Love Song
87.5%
Paegan Terrorism TacticsBleed Me An Ocean
87.5%
When the Kite String PopsThe Bones of Baby Dolls
83.3%
Paegan Terrorism TacticsDead Girl
83.3%
Paegan Terrorism TacticsGraveflower
83.3%
When the Kite String PopsJezebel
79.2%
Paegan Terrorism Tactics13 Fingers
79.2%
Paegan Terrorism TacticsVenus Blue
79.2%
Paegan Terrorism TacticsNew Death Sensation
79.2%
When the Kite String PopsTranquilized
75%
album song % Correct
When the Kite String PopsThe Morticians Flame
70.8%
When the Kite String PopsCheap Vodka
70.8%
Paegan Terrorism TacticsDiäb Soulé
70.8%
When the Kite String PopsWhat Color is Death?
62.5%
When the Kite String PopsGod Machine
62.5%
When the Kite String PopsFinger Paintings of the Insane
62.5%
When the Kite String PopsToubabo Koomi
58.3%
Paegan Terrorism TacticsOld Skin
58.3%
Paegan Terrorism TacticsLocust Spawning
58.3%
When the Kite String PopsDope Fiend
54.2%
When the Kite String PopsDr. Suess is Dead
50%
Paegan Terrorism TacticsNew Corpse
45.8%
Paegan Terrorism TacticsOde Of The Paegan
41.7%

You're not logged in!

Compare scores with friends on all Sporcle quizzes.
Sign Up with Email
OR
Log In

You Might Also Like...

Show Comments

Extras

Top Quizzes Today


Score Distribution

Your Account Isn't Verified!

In order to create a playlist on Sporcle, you need to verify the email address you used during registration. Go to your Sporcle Settings to finish the process.